<?xml version="1.0" encoding="UTF-8"?>
<record
    xmlns:xsi="http://www.w3.org/2001/XMLSchema-instance"
    xsi:schemaLocation="http://www.loc.gov/MARC21/slim http://www.loc.gov/standards/marcxml/schema/MARC21slim.xsd"
    xmlns="http://www.loc.gov/MARC21/slim">

  <leader>01795cam a2200289 a 4500</leader>
  <controlfield tag="001">16485003</controlfield>
  <controlfield tag="003">OSt</controlfield>
  <controlfield tag="005">20221123102553.0</controlfield>
  <controlfield tag="008">100930s2010    njua     b    001 0 eng  </controlfield>
  <datafield tag="010" ind1=" " ind2=" ">
    <subfield code="a">  2010485548</subfield>
  </datafield>
  <datafield tag="020" ind1=" " ind2=" ">
    <subfield code="a">9780470374948 (alk. paper)</subfield>
  </datafield>
  <datafield tag="040" ind1=" " ind2=" ">
    <subfield code="a">DLC</subfield>
    <subfield code="c">LC</subfield>
    <subfield code="d">DLC</subfield>
  </datafield>
  <datafield tag="050" ind1="0" ind2="0">
    <subfield code="a">HF5635.K47</subfield>
  </datafield>
  <datafield tag="082" ind1="0" ind2="0">
    <subfield code="a">657/.044</subfield>
    <subfield code="2">22</subfield>
  </datafield>
  <datafield tag="100" ind1="1" ind2=" ">
    <subfield code="a">Kieso, Donald E.</subfield>
    <subfield code="9">759</subfield>
  </datafield>
  <datafield tag="245" ind1="1" ind2="0">
    <subfield code="a">Intermediate accounting. /</subfield>
    <subfield code="c">Donald E. Kieso, Jerry J. Weygandt, Terry D. Warfield.</subfield>
  </datafield>
  <datafield tag="250" ind1=" " ind2=" ">
    <subfield code="a">13th ed.</subfield>
  </datafield>
  <datafield tag="260" ind1=" " ind2=" ">
    <subfield code="a">New Jersey:</subfield>
    <subfield code="b">Wiley,</subfield>
    <subfield code="c">2010.</subfield>
  </datafield>
  <datafield tag="300" ind1=" " ind2=" ">
    <subfield code="a">xl, 1379, I-20 p. :</subfield>
    <subfield code="b">ill. (chiefly col.) ;</subfield>
    <subfield code="c">29 cm.</subfield>
  </datafield>
  <datafield tag="505" ind1=" " ind2=" ">
    <subfield code="a">Contents: Financial accounting and accounting standards -- Conceptual framework underlying financial accounting -- The accounting information system -- Income statement and related information -- Balance sheet and statement of cash flows -- Accounting and the time value of money -- Cash and receivables -- Valuation of inventories: a cost-basis approach -- Inventories: additional valuation issues -- Acquisition and disposition of property, plant and equipment -- Depreciation, impairments and depletion -- Intangible assets -- Current liabilities and contingencies -- Long-term liabilities -- Stockholders' equity -- Dilutive securities and earnings per share -- Investments -- Revenue recognition -- Accounting for income taxes -- Accounting for pensions and postretirement benefits -- Accounting for leases -- Accounting changes and error analysis -- Statement of cash flows -- Full disclosure in financial reporting -- </subfield>
  </datafield>
  <datafield tag="650" ind1=" " ind2="0">
    <subfield code="a">Accounting.</subfield>
    <subfield code="9">62</subfield>
  </datafield>
  <datafield tag="700" ind1="1" ind2=" ">
    <subfield code="a">Weygandt, Jerry J.</subfield>
    <subfield code="9">760</subfield>
  </datafield>
  <datafield tag="700" ind1="1" ind2=" ">
    <subfield code="a">Warfield, Terry D.</subfield>
    <subfield code="9">761</subfield>
  </datafield>
  <datafield tag="906" ind1=" " ind2=" ">
    <subfield code="a">7</subfield>
    <subfield code="b">cbc</subfield>
    <subfield code="c">origcop</subfield>
    <subfield code="d">2</subfield>
    <subfield code="e">ncip</subfield>
    <subfield code="f">20</subfield>
    <subfield code="g">y-gencatlg</subfield>
  </datafield>
  <datafield tag="942" ind1=" " ind2=" ">
    <subfield code="2">lcc</subfield>
    <subfield code="c">BK</subfield>
  </datafield>
  <datafield tag="999" ind1=" " ind2=" ">
    <subfield code="c">9319</subfield>
    <subfield code="d">16819</subfield>
  </datafield>
  <datafield tag="952" ind1=" " ind2=" ">
    <subfield code="0">0</subfield>
    <subfield code="1">0</subfield>
    <subfield code="2">lcc</subfield>
    <subfield code="4">0</subfield>
    <subfield code="7">0</subfield>
    <subfield code="a">WIUC-KL</subfield>
    <subfield code="b">WIUC-KL</subfield>
    <subfield code="c">GEN</subfield>
    <subfield code="d">2022-10-31</subfield>
    <subfield code="l">0</subfield>
    <subfield code="o">HF5635.K47(13e)</subfield>
    <subfield code="p">K/1069/1069/19</subfield>
    <subfield code="r">2022-11-23 00:00:00</subfield>
    <subfield code="w">2022-11-23</subfield>
    <subfield code="y">BK</subfield>
  </datafield>
</record>
